000 00707nam a22002295i 4500
001 11131
003 ES-MaACL
005 20230906150032.0
007 t|
008 951020s1994 sp ||||0| spa j
020 _a84-470-0442-2
040 _aM-BN
_bspa
_cM-BN
080 _a351.95(460)
100 1 _aGonzález Pérez, Jesús.
_958870
245 1 0 _aComentarios a la Ley de la jurisdicción contencioso-administrativa /
_cJesús González Pérez.
250 _a2ª ed.
260 _aMadrid :
_bCívitas,
_c1994.
300 _a1766 p ;
_c25 cm.
500 _aíndice.
650 1 4 _aJurisdicción contencioso administrativa-
_zEspaña-
_vLegislación.
_914029
852 _aES-MaACL
_jL-18458
_bR.124811
999 _c11131
_d11131